000 00654nam a22001337a 4500
040 _cRUA
082 _aAGR HUN 2009 B471 Or.1
100 _aHUN DARA ; ហ៊ុន ដារ៉ា
245 _aControl of flea btlean green mustard at royal university of agriculture, ការគ្រប់គ្រងសត្វទៀកគូ នៅលើដំណាំស្ពៃខៀវ នៅសាកលវិទ្យាល័យភូមិន្ទកសិកម្ម
260 _aPhnom Penh
_bRUA
_c2009
300 _axii ;52p.
_bill.
_c29cm.
856 _uhttps://drive.google.com/file/d/1lDGtDT20P9cjxSLg2jGfcKX6Var8Dw_0/view?usp=sharing
942 _cAGR
999 _c7622
_d7622